| 000 | 00897nas a2200289 4500 | ||
|---|---|---|---|
| 001 | BR2013008546 | ||
| 003 | BR-BrBNA | ||
| 005 | 20231205123121.0 | ||
| 007 | ta | ||
| 008 | 230509b bl.|||p| |||| 00| 00por d | ||
| 040 |
_aBR-BrBNA _bpor _cBiblioteca Nacional de Agricultura |
||
| 041 | _a(En) | ||
| 072 | _aF03 | ||
| 100 | 1 | _aPacheco Junior, F. | |
| 100 | 1 | _aSilva, J.B. da | |
| 100 | 1 | _aNegreiros, J.R. da S. | |
| 100 | 1 | _aSilva, M.R.G. da | |
| 100 | 1 | _aFarias, S.B. | |
| 245 | 1 | _aGermination and vigor of long-pepper seeds (Piper hispidinervum)as a function of temperatura and light | |
| 650 | _aPIMENTA LONGA | ||
| 650 | _aGERMINAÇÃO | ||
| 650 | _aSEMENTE | ||
| 650 | _aTEMPERATURA | ||
| 773 | 0 |
_tRevista Ciência Agronômica (Brazil) _xISSN 0045-6888 _g(Apr-Jun 2013), v. 44(2) p. 325-333 _wBR2013008546 |
|
| 909 |
_a202311 _bLúcia _c55 _dLúcia Elande |
||
| 942 |
_2AGRIS _n0 _cANA |
||
| 999 |
_c232262 _d232262 |
||